[Event "SUI-chT"]
[Site "Switzerland"]
[Date "2019.10.19"]
[Round "8.5"]
[White "Krebs, Samuel"]
[Black "Bondar, Yevgen"]
[Result "1/2-1/2"]
[WhiteElo "2069"]
[BlackElo "2325"]
[PlyCount "166"]
[EventDate "2019.03.10"]
[EventType "team-tourn"]
[EventRounds "9"]
[EventCountry "SUI"]
[SourceTitle "CBM 192 Extra"]
[Source "Chessbase"]
[SourceDate "2019.11.06"]
[SourceVersion "1"]
[SourceVersionDate "2019.11.06"]
[SourceQuality "1"]
[WhiteTeam "Solothurn"]
[BlackTeam "Echallens"]
[WhiteTeamCountry "SUI"]
[BlackTeamCountry "SUI"]

1. e4 e5 2. Nf3 Nc6 3. d4 exd4 4. Bc4 Nf6 5. e5 d5 6. Bb5 Nd7 7. 0-0 Be7 8. Re1 0-0 9. Bxc6 bxc6 10. Nxd4 Nb8 11. f4 f5 12. Nb3 c5 13. c3 c4 14. Nd4 c5 15. Nf3 Nc6 16. Nbd2 Be6 17. b3 Qa5 18. Qc2 Rfd8 19. Rb1 Rac8 20. bxc4 dxc4 21. Nf1 Rd3 22. Re3 Rcd8 23. Ne1 Qa6 24. Rb2 h6 25. h3 Kh7 26. Kh2 g6 27. Bd2 Bd5 28. Nxd3 cxd3 29. Qb1 Na5 30. Re1 Nc4 31. Rb8 Qc6 32. Rxd8 Bxd8 33. Qb8 Qb6 34. Qxb6 Bxb6 35. e6 Nd6 36. e7 Ne8 37. Ne3 Bxa2 38. g4 Be6 39. Nxf5 Bxf5 40. gxf5 gxf5 41. c4 Kg8 42. Kg3 Kf7 43. Re5 Nd6 44. e8Q+ Nxe8 45. Rxf5+ Ke6 46. Re5+ Kd7 47. Rd5+ Nd6 48. f5 Ke7 49. Bxh6 Nxc4 50. Bg5+ Kf7 51. Rd7+ Ke8 52. Rxd3 a5 53. Bf4 a4 54. Rc3 Nb2 55. Bc1 Bc7+ 56. Kf3 a3 57. Rxa3 Nc4 58. Rc3 Ne5+ 59. Ke4 Nd7 60. Bg5 Be5 61. Rxc5 Nxc5+ 62. Kxe5 Kf7 63. h4 Nd7+ 64. Kd6 Nf6 65. Bc1 Ng4 66. Bg5 Nf6 67. Ke5 Nd7+ 68. Ke4 Nc5+ 69. Kf3 Nd7 70. Bd2 Nf6 71. Bc3 Nh7 72. Kf4 Nf8 73. h5 Nh7 74. h6 Nf8 75. Bg7 Nh7 76. Kg4 Ke7 77. Kh4 Ke8 78. Kg4 Ke7 79. Kf4 Kf7 80. Ke5 Ng5 81. f6 Kg6 82. Kd6 Nh7 83. Ke7 Nxf6 1/2-1/2

[Event "SUI-ch HT1 118th"]
[Site "Lenzerheide"]
[Date "2018.07.15"]
[Round "4"]
[White "Krebs, Samuel"]
[Black "Stillger, Bernhard"]
[Result "1/2-1/2"]
[WhiteElo "2087"]
[BlackElo "2295"]
[PlyCount "35"]
[EventDate "2018.07.12"]
[EventType "swiss"]
[EventRounds "9"]
[EventCountry "SUI"]
[SourceTitle "EXT 2019"]
[Source "ChessBase"]
[SourceDate "2018.10.10"]
[SourceVersion "1"]
[SourceVersionDate "2018.10.10"]
[SourceQuality "1"]

1. e4 g6 2. d4 Bg7 3. Nc3 c6 4. Bc4 d6 5. h3 Nf6 6. Bb3 0-0 7. Nf3 Qc7 8. 0-0 e5 9. Be3 Nbd7 10. dxe5 Nxe5 11. Nxe5 dxe5 12. Qf3 Qe7 13. Rfd1 Nd7 14. Rd2 Nc5 15. Bxc5 Qxc5 16. Rad1 Qe7 17. Rd6 Kh8 18. Qe2 1/2-1/2

[Event "Lugano op"]
[Site "Lugano"]
[Date "2017.11.03"]
[Round "1"]
[White "Borgo, Giulio"]
[Black "Krebs, Samuel"]
[Result "1-0"]
[WhiteElo "2392"]
[BlackElo "2124"]
[PlyCount "59"]
[EventDate "2017.11.03"]
[EventType "swiss"]
[EventRounds "5"]
[EventCountry "SUI"]
[SourceTitle "CBM 181 Extra"]
[Source "ChessBase"]
[SourceDate "2017.12.12"]
[SourceVersion "1"]
[SourceVersionDate "2017.12.12"]
[SourceQuality "1"]

1. Nf3 d5 2. e3 Nf6 3. c4 e6 4. d4 dxc4 5. Bxc4 c5 6. 0-0 a6 7. Nbd2 Nc6 8. dxc5 Bxc5 9. a3 0-0 10. b4 Be7 11. Bb2 b5 12. Ba2 a5 13. Qc2 Bb7 14. Ng5 h6 15. Bxf6 hxg5 16. Bb1 g6 17. Bb2 axb4 18. axb4 e5 19. Rxa8 Bxa8 20. Nf3 Nxb4 21. Qe2 e4 22. Ne5 Nd3 23. Nxd3 exd3 24. Bxd3 b4 25. Rd1 Qb6 26. Bd4 Bc5 27. Ba1 Qb7 28. Qg4 Be7 29. Qh3 f6 30. Bxg6 1-0

[Event "SUI-ch 117th"]
[Site "Graechen"]
[Date "2017.07.14"]
[Round "2"]
[White "Krebs, Samuel"]
[Black "Burkhardt, Wilfried"]
[Result "1-0"]
[WhiteElo "2050"]
[BlackElo "1929"]
[PlyCount "63"]
[EventDate "2017.07.13"]
[EventType "swiss"]
[EventRounds "9"]
[EventCountry "SUI"]
[SourceTitle "EXT 2019"]
[Source "ChessBase"]
[SourceDate "2018.10.10"]
[SourceVersion "1"]
[SourceVersionDate "2018.10.10"]
[SourceQuality "1"]

1. e4 e6 2. b3 d5 3. Bb2 dxe4 4. Nc3 Nf6 5. Qe2 Nbd7 6. Nxe4 Be7 7. f3 b6 8. 0-0-0 Bb7 9. Nh3 h6 10. Nhf2 a5 11. a4 Ba6 12. Qe1 Bxf1 13. Qxf1 c6 14. Nc3 0-0 15. g4 Nd5 16. Nfe4 Nxc3 17. dxc3 Qc7 18. c4 Rfd8 19. f4 Nc5 20. Be5 Qb7 21. Qf3 Nxe4 22. Qxe4 Bf6 23. Bxf6 gxf6 24. h4 Qc7 25. g5 f5 26. Qf3 Kh7 27. gxh6 Rg8 28. Rdg1 Rxg1+ 29. Rxg1 Rg8 30. Rxg8 Kxg8 31. Qg3+ Kf8 32. h7 1-0

[Event "Bodensee-Cup"]
[Site "Kreuzlingen"]
[Date "2017.05.05"]
[Round "1.5"]
[White "Krebs, Samuel"]
[Black "Maj, Kornel"]
[Result "0-1"]
[WhiteElo "2034"]
[BlackElo "2113"]
[PlyCount "98"]
[EventDate "2017.05.05"]
[EventType "team-swiss"]
[EventRounds "3"]
[EventCountry "SUI"]
[SourceTitle "EXT 2020"]
[Source "ChessBase"]
[SourceDate "2019.10.17"]
[SourceVersion "1"]
[SourceVersionDate "2019.10.17"]
[SourceQuality "1"]
[WhiteTeam "Bodan+ II"]
[BlackTeam "Wuerttemberg"]
[WhiteTeamCountry "GER"]
[BlackTeamCountry "GER"]

1. e4 e5 2. Nf3 Nc6 3. d4 exd4 4. Bc4 Nf6 5. e5 d5 6. Bb5 Ne4 7. Nxd4 Bd7 8. Bxc6 bxc6 9. 0-0 Bc5 10. f3 Ng5 11. f4 Ne4 12. Be3 0-0 13. Nd2 Nxd2 14. Qxd2 Bb6 15. Nb3 Bf5 16. Bc5 f6 17. Qc3 fxe5 18. fxe5 Qg5 19. Rf2 Be4 20. Raf1 Rxf2 21. Rxf2 Re8 22. Nd2 Bxc5 23. Qxc5 Qxe5 24. Nxe4 Qxe4 25. Qxc6 h6 26. Qc3 d4 27. Qf3 Qe1+ 28. Rf1 Qe3+ 29. Qxe3 Rxe3 30. Kf2 c5 31. Re1 Rxe1 32. Kxe1 Kf7 33. Ke2 Ke6 34. Kd3 Kd5 35. b3 g6 36. g3 h5 37. h4 Kd6 38. Ke4 Ke6 39. a3 a6 40. Kf4 Kd5 41. Kf3 c4 42. Ke2 d3+ 43. Kd2 cxb3 44. cxb3 Kd4 45. a4 a5 46. b4 axb4 47. a5 b3 48. Kc1 Kc3 49. a6 b2+ 0-1

[Event "Stein am Rhein op 5th"]
[Site "Stein am Rhein"]
[Date "2016.01.30"]
[Round "3"]
[White "Krebs, Samuel"]
[Black "Blum, Gernot"]
[Result "1-0"]
[WhiteElo "1919"]
[BlackElo "2050"]
[PlyCount "65"]
[EventDate "2016.01.29"]
[EventType "swiss"]
[EventRounds "5"]
[EventCountry "SUI"]
[SourceTitle "CBM 170 Extra"]
[Source "ChessBase"]
[SourceDate "2016.02.25"]
[SourceVersion "1"]
[SourceVersionDate "2016.02.25"]
[SourceQuality "1"]

1. e4 c5 2. c3 g6 3. d4 cxd4 4. cxd4 d5 5. e5 Bg7 6. Nc3 Nc6 7. h3 Nh6 8. Nf3 0-0 9. Bb5 Qb6 10. 0-0 Nf5 11. Bxc6 bxc6 12. g4 Nh6 13. Na4 Qc7 14. Nc5 f5 15. Bxh6 Bxh6 16. g5 Bg7 17. Rc1 f4 18. e6 Qa5 19. a4 Rb8 20. b3 Ba6 21. Re1 Rb4 22. Qd2 Rfb8 23. Qxf4 Rf8 24. Qe3 Bc8 25. Kg2 Qc7 26. Qd2 Qf4 27. Qxf4 Rxf4 28. Nd3 Rfxd4 29. Nxd4 Rxd4 30. Rxc6 Bb7 31. Rc7 Rxd3 32. Rxb7 Bd4 33. Rxe7 1-0

[Event "SUI-ch U16"]
[Site "Belp"]
[Date "2014.06.07"]
[Round "3"]
[White "Goldie, Thomas"]
[Black "Krebs, Samuel"]
[Result "1/2-1/2"]
[WhiteElo "2070"]
[BlackElo "1783"]
[PlyCount "108"]
[EventDate "2014.06.06"]
[EventType "swiss"]
[EventRounds "7"]
[EventCountry "SUI"]
[SourceTitle "EXT 2015"]
[Source "ChessBase"]
[SourceDate "2014.11.20"]
[SourceVersion "1"]
[SourceVersionDate "2014.11.20"]
[SourceQuality "1"]

1. c4 c5 2. Nc3 Nc6 3. g3 g6 4. Bg2 Bg7 5. Nf3 Nf6 6. 0-0 0-0 7. e3 d6 8. d4 Bg4 9. h3 Bd7 10. b3 Qc8 11. Kh2 Rd8 12. Bb2 a6 13. Qe2 Rb8 14. Rfe1 Na5 15. Rac1 b5 16. Nd5 Nxd5 17. cxd5 c4 18. b4 Nb7 19. e4 a5 20. a3 axb4 21. axb4 Ra8 22. Ra1 Qc7 23. Bc3 Ra4 24. Rxa4 bxa4 25. Nd2 Rc8 26. Bf1 e6 27. dxe6 Bxe6 28. Nb1 d5 29. e5 Nd8 30. Na3 Qb6 31. Bg2 Bf8 32. Qd2 Nc6 33. Rb1 Na7 34. Qd1 Nb5 35. Nxb5 Qxb5 36. g4 a3 37. Bf3 Ra8 38. Qd2 Bd7 39. Qa2 Qb7 40. Bd1 Ba4 41. Bxa4 Rxa4 42. b5 Be7 43. f4 Bd8 44. f5 Ba5 45. Bxa5 Rxa5 46. f6 Rxb5 47. Rxb5 Qxb5 48. Qxa3 Qb8 49. Kg2 h6 50. Qe3 Qb2+ 51. Kf1 Qb1+ 52. Ke2 Qc2+ 53. Ke1 Qb1+ 54. Kd2 Qb2+ 1/2-1/2

[Event "SUI-ch U14"]
[Site "Geneve"]
[Date "2013.06.30"]
[Round "7"]
[White "Goldie, Thomas"]
[Black "Krebs, Samuel"]
[Result "1-0"]
[WhiteElo "2083"]
[BlackElo "1665"]
[PlyCount "67"]
[EventDate "2013.06.27"]
[EventType "swiss"]
[EventRounds "7"]
[EventCountry "SUI"]
[SourceTitle "EXT 2014"]
[Source "ChessBase"]
[SourceDate "2013.11.20"]
[SourceVersion "1"]
[SourceVersionDate "2013.11.20"]
[SourceQuality "1"]

1. e4 e5 2. Nf3 Nc6 3. Bc4 Bc5 4. 0-0 Nf6 5. d4 Bxd4 6. Nxd4 Nxd4 7. f4 d6 8. fxe5 dxe5 9. Bg5 Qe7 10. Na3 Be6 11. Bxe6 Nxe6 12. Bxf6 gxf6 13. Qf3 Rg8 14. Qxf6 Qxf6 15. Rxf6 Ke7 16. Rf2 Rg6 17. Nc4 f6 18. Ne3 Nf4 19. Kh1 c6 20. Nf5+ Ke8 21. Nd6+ Ke7 22. Nxb7 Rb8 23. Na5 Kd7 24. Nc4 Rbg8 25. g3 Nh5 26. Rd1+ Kc7 27. Rfd2 R8g7 28. Nd6 Kb6 29. Nf5 Rf7 30. Rd3 Ng7 31. Rb3+ Kc7 32. Nd6 Rd7 33. Rb7+ Kd8 34. Nf7+ 1-0

[Event "SUI-ch U14"]
[Site "Geneve"]
[Date "2013.06.28"]
[Round "3"]
[White "Duong, Yisam"]
[Black "Krebs, Samuel"]
[Result "1/2-1/2"]
[WhiteElo "1635"]
[BlackElo "1665"]
[PlyCount "58"]
[EventDate "2013.06.27"]
[EventType "swiss"]
[EventRounds "7"]
[EventCountry "SUI"]
[SourceTitle "EXT 2014"]
[Source "ChessBase"]
[SourceDate "2013.11.20"]
[SourceVersion "1"]
[SourceVersionDate "2013.11.20"]
[SourceQuality "1"]

1. d4 d5 2. Nf3 Nf6 3. Nbd2 c6 4. e3 Bf5 5. Be2 Nbd7 6. b3 e6 7. Bb2 Bd6 8. c4 0-0 9. c5 Bc7 10. b4 a6 11. a4 Ne4 12. 0-0 Qf6 13. Nxe4 Bxe4 14. Nd2 Qh6 15. g3 Bf5 16. Bf3 Nf6 17. Re1 Qg6 18. Bg2 h5 19. Nf3 Bg4 20. Qb1 Qxb1 21. Raxb1 Bf5 22. Rbc1 Rfe8 23. Bf1 Ne4 24. Nh4 Bh7 25. Be2 g5 26. Ng2 Bg6 27. f3 Nf6 28. Red1 e5 29. Rf1 Re7 1/2-1/2

[Event "SUI-ch U14"]
[Site "Geneve"]
[Date "2013.06.27"]
[Round "1"]
[White "Hoang, Harry"]
[Black "Krebs, Samuel"]
[Result "1-0"]
[WhiteElo "1984"]
[BlackElo "1665"]
[PlyCount "57"]
[EventDate "2013.06.27"]
[EventType "swiss"]
[EventRounds "7"]
[EventCountry "SUI"]
[SourceTitle "EXT 2014"]
[Source "ChessBase"]
[SourceDate "2013.11.20"]
[SourceVersion "1"]
[SourceVersionDate "2013.11.20"]
[SourceQuality "1"]

1. e4 e5 2. Nf3 Nc6 3. Bc4 Bc5 4. c3 Nf6 5. d4 exd4 6. e5 d5 7. Bb5 Ne4 8. cxd4 Bb4+ 9. Bd2 Nxd2 10. Bxc6+ bxc6 11. Nbxd2 Bg4 12. Qa4 Bxd2+ 13. Nxd2 Bd7 14. Qc2 Qg5 15. 0-0 0-0 16. f4 Qh4 17. Nb3 Rfe8 18. Nc5 Qg4 19. Qf2 Qf5 20. Rac1 Rab8 21. Rc3 Rb6 22. Re1 Reb8 23. g4 Qxg4+ 24. Rg3 Qf5 25. Rg5 Qh3 26. Re3 Qh6 27. Nxd7 Qe6 28. Nf6+ Kf8 29. Ng4 1-0